000 00555cam a22002291 4500
001 sa 63004263
003 DLC
005 20260227111947.0
008 890615s1962 ii 000 0 hino
010 _asa 63004263
035 _a(OCoLC)19876994
040 _aDLC
_cWaU
_dDLC
042 _apremarc
050 0 0 _aPK2098.B5
_bN53
100 1 _aBhatnagar, Ram Ratan.
245 1 0 _aNirālā.
260 _c[1962]
300 _a151 p.
_c22 cm.
500 _aIn Hindi.
500 _aPoems.
600 1 0 _aTripāṭhī, Sūryakānta,
_d1896-1961
_vPoetry.
999 _c55556
_d55556